Mastering anti-money laundering and counter-terrorist financing : (Record no. 18718)
[ view plain ]
| 000 -LEADER | |
|---|---|
| fixed length control field | 00942cam a2200265 a 4500 |
| 001 - CONTROL NUMBER | |
| control field | 17500913 |
| 005 - DATE AND TIME OF LATEST TRANSACTION | |
| control field | 20141203160336.0 |
| 008 - FIXED-LENGTH DATA ELEMENTS--GENERAL INFORMATION | |
| fixed length control field | 121019s2012 xxkak fr 001 0 eng d |
| 010 ## - LIBRARY OF CONGRESS CONTROL NUMBER | |
| LC control number | 2012472098 |
| 020 ## - INTERNATIONAL STANDARD BOOK NUMBER | |
| International Standard Book Number | 9780273759034 (pbk.) |
| 020 ## - INTERNATIONAL STANDARD BOOK NUMBER | |
| International Standard Book Number | 0273759035 (pbk.) |
| 040 ## - CATALOGING SOURCE | |
| Original cataloging agency | DLC |
| Transcribing agency | DLC |
| Modifying agency | DLC |
| -- | EG-ScBUE |
| 082 00 - DEWEY DECIMAL CLASSIFICATION NUMBER | |
| Edition number | 22 |
| Classification number | 364.168 |
| Item number | PAR |
| 100 1# - MAIN ENTRY--PERSONAL NAME | |
| Personal name | Parkman, Tim |
| 9 (RLIN) | 36792 |
| 245 10 - TITLE STATEMENT | |
| Title | Mastering anti-money laundering and counter-terrorist financing : |
| Remainder of title | a compliance guide for practitioners / |
| Statement of responsibility, etc | Tim Parkman. |
| 260 ## - PUBLICATION, DISTRIBUTION, ETC. (IMPRINT) | |
| Place of publication, distribution, etc | Harlow, United Kingdom : |
| Name of publisher, distributor, etc | Pearson, |
| Date of publication, distribution, etc | 2012 |
| Place of manufacture | ([Hampshire, United Kingdom] : |
| Manufacturer | Ashford Colour Press Ltd.) |
| 300 ## - PHYSICAL DESCRIPTION | |
| Extent | xiv, 305 p. : |
| Other physical details | forms, tables ; |
| Dimensions | 24 cm. |
| 490 0# - Series Statement | |
| Series statement | Always learning |
| 500 ## - GENERAL NOTE | |
| General note | Index : p. 297-305. |
| 650 #0 - SUBJECT ADDED ENTRY--TOPICAL TERM | |
| Topical term or geographic name as entry element | Money laundering |
| 9 (RLIN) | 36793 |
| 650 #0 - SUBJECT ADDED ENTRY--TOPICAL TERM | |
| Topical term or geographic name as entry element | Terrorism |
| General subdivision | Finance |
| -- | Prevention |
| 9 (RLIN) | 36794 |
| 653 ## - INDEX TERM--UNCONTROLLED | |
| Resource For college | BAEPS, Business Administration |
| Arrived date list | December2014 |
| 655 ## - INDEX TERM--GENRE/FORM | |
| Form subdivision | |
| -- | 34232 |
| 942 ## - ADDED ENTRY ELEMENTS (KOHA) | |
| Source of classification or shelving scheme | Dewey Decimal Classification |
| Call number prefix | 364.168 PAR |
| Withdrawn status | Item status | Source of classification or shelving scheme | Damaged status | Not for loan | Vendor | Home library | Current library | Shelving location | Date acquired | Source of acquisition | Cost, normal purchase price | Serial Enumeration / chronology | Total Checkouts | Full call number | Barcode | Date last seen | Date last borrowed | Cost, replacement price | Koha item type |
|---|---|---|---|---|---|---|---|---|---|---|---|---|---|---|---|---|---|---|---|
| Dewey Decimal Classification | Baccah | Central Library | Central Library | First floor | 03/12/2014 | 987.00 | 20677 | 1 | 364.168 PAR | 000037099 | 15/07/2025 | 05/07/2021 | 1233.75 | Book - Borrowing |